000 00286nam a2200121 i 4500
001 bg
245 0 _aNiezmienniki układów liniowych i ich właściwiść.
260 _aWarszawa,
_c1980.
040 _cBPK
041 _apol
942 _cKS
008 s pl f |000 0 pol
999 _c20811
_d20811
856 _uhttp://koha.tu.koszalin.pl/cgi-bin/koha/opac-detail.pl?biblionumber=20811
_yKatalog online BPK